000 00769nam a2200265Ia 4500
003 OSt
005 20221007123210.0
006 a|||||r|||| 00| 0
007 ta
008 221006b |||||||| |||| 00| 0 eng d
020 _a0201554909(V 1)
024 _a2708
037 _cTextual
040 _aPAPL
_cPAPL
_beng
041 _2eng
_aeng
082 _aC9B58, N2
100 _aIchimaru Setsuo
_9716814
245 0 _aStatistical plasma physics by Setsuo Ichimaru
260 _aRedwood
_bCity, California Addison Wesley Publishing
_c1992
490 _vV 1. Basic principles(384p)
_aFrontiers in physics; 87
650 _a Plasma
_9713405
650 _aPhysics
942 _hC9B58, N2
_cTEXL
_2CC
999 _c1211519
_d1211519